000 00551 a2200169 4500
999 _c7210
_d7210
020 _a0340888881
050 _aBL60. WAT 2005
100 _aWatton, Victor W.
_eauthor
245 _aReligion and society /
_cVictor Watton, Bob Stone.
264 _aLondon :
_b Hodder Murray,
_c2005.
300 _a160 pages ; 28 cm
500 _aPrevious edition: London: Hodder & Stoughton Educational, 2001. Includes index.
650 _aReligion and sociology.
650 _aReligion and social problems.
700 _aBob Stone.
942 _2lcc
_cBK
_h60
_iWAT
_kBL